Normal view MARC view
  • Educación

Entry Materia

Number of records used in: 48

001 - NÚMERO DE CONTROL DEL REGISTRO

  • campo de control: 1614

003 - IDENTIFICADOR DE NUMERO DE CONTROL

  • campo de control: MX-MxUPN

005 - FECHA Y HORA DE LA ÚLTIMA TRANSACCIÓN

  • campo de control: 20240521160642.0

008 - DATOS DE LONGITUD FIJA

  • campo de control de longitud fija: 230329nn fnnnnbaba a anc |d

035 ## - NÚMERO DE CONTROL DEL SISTEMA

  • Número de control del sistema: UPN10000001614

040 ## - FUENTE DE LA CATALOGACIÓN

  • Centro catalogador de origen: MX-MxUPN
  • Lengua de catalogación: spa
  • Agencia de transcripción: MX-MxUPN

150 ## - ENCABEZAMIENTO - TEMÁTICO

  • Término de materia o nombre geográfico como elemento inicial: Educación
  • Subdivisión de materia general: Aspectos políticos

450 ## - VÉASE - MATERIA

  • Encabezamiento temático: Política y educación

670 ## - FUENTE EN LA QUE SE LOCALIZARON DATOS

  • Cita de la fuente: LC Subject Headings, 2022 :
  • Información localizada: página E-45 (Education - Political aspects)

902 ## - CATALOGADOR

  • Catalogador: CAA/070807
  • Catalogador: VíctorGodínez/290323